000
00295nam a2200133Ia 4500
008
190216s9999||||xx |||||||||||||| ||und||
100
_a
Dharmapadam .av
245
0
_a
Dynamics
250
_a
7th Ed.
260
_b
Viswanathan Pvt.Ltd
_c
1996
300
_a
467p
650
_a
Physics
942
_c
BK
999
_c
33381
_d
33381